00719cam a22002417a 4500003000500000005001700005008004100022010001000063011001000073020001500083035001000098040000900108082001500117100002300132245010200155260004200257300004900299490002100348650004100369650001700410650002900427830002100456CHAP20220329142427.0010118d2000 us a r 00110 eng d a83284 a84256 a1566704812 a94775 cCHAP04a551.49bK400aKenny, Jonathan E.10aSubsurface contamination monitoring using laser fluorescencec/ by Jonathan E. Kenny [and others] aBoca Raton, Florida :bLewis,cc.2000 a160 p. :bilus. ; gráfs. ; cuadros ; mapas 0aAATDE monographs14aAgua subterráneaxContaminación.14aRayos laser.14aSuelosxContaminación.00aAATDE monographs